000 00253nam a22000857a 4500
008 160811b xxu||||| |||| 00| 0 eng d
100 _9107
_aSharman
245 _aTogether with English language Literature-X
260 _aNew Delhi
_bRachna Sagar Publication
_c2007
999 _c2760
_d2760